000 00230 a2200097 4500
020 _a9780590465663
041 _aspa
100 _aJudith Viorst
245 _aAlexander y el dia terrible; horrible, espantoso, horroroso
942 _cBK
999 _c29178
_d29176